Starts with 'Si' Quiz Stats

 Plays Quiz Updated Jan 31, 2016

Also try: Begins with 'BAR'
Challenge
Share
Tweet
Embed
Score 0/20 Timer 05:00
0 Plays Today
Clue Answers % Correct
Protagonist of Disney's 'The Lion King'Simba
96.4%
Carol that contains these lyrics: 'All is calm, all is bright'Silent Night
93.6%
Southern part of the San Francisco Bay area, home to many leading technology corporationsSilicon Valley
85.6%
Group of four air-filled spaces that surround the nasal cavitySinuses
84.3%
In Greek mythology, three seductive bird-women, who lured sailors to shipwreck with their enchanting music and voicesSirens
80.3%
Area of Russia between the Urals and the PacificSiberia
79.4%
Image of a person or object consisting of the outline and a featureless interiorSilhouette
77.6%
Order which uses the dark side of the Force in the Star Wars moviesSith
76.5%
Well-known chapel in the Apostolic Palace in Vatican City, famous for its architecture and decorations by Michelangelo, Botticelli, and othersSistine Chapel
73.3%
Tough band of fibrous connective tissue that usually connects muscle to boneSinew
64.2%
Clue Answers % Correct
He met a pie man, going to the fairSimple Simon
63.5%
Fictional sailor from Basrah during the Abbasid Caliphate; also the hero of a story cycle Sinbad
62.3%
Singer and actor who made bobby-soxers swoon with covers of songs like 'People Will Say We're in Love'Frank Sinatra
61.4%
The brightest star in the night skySirius
60.1%
Maximum security prison located on the Hudson about 30 miles north of New York CitySing Sing
54.5%
TV show centered around members of the Fisher family, who run a funeral home in Los AngelesSix Feet Under
52.8%
Assassin of Robert F. KennedySirhan Bishara Sirhan
47.2%
Largest city in South DakotaSioux Falls
40.7%
Russian-American who developed the first commercially successful helicopterIgor Sikorsky
28.8%
Mythopoeic work by J.R.R. Tolkien, edited and published by his son Christopher in 1977(The) Silmarillion
28.3%

You're not logged in!

Compare scores with friends on all Sporcle quizzes.
Join for Free
OR
Log In

You Might Also Like...

Show Comments

Extras

Top Quizzes Today


Score Distribution

Your Account Isn't Verified!

In order to create a playlist on Sporcle, you need to verify the email address you used during registration. Go to your Sporcle Settings to finish the process.

Report this User

Report this user for behavior that violates our Community Guidelines.

Details: